[Event "5th LCT Open A"]
[Site "Leiden NED"]
[Date "2011.07.12"]
[Round "5"]
[White "Hasangatin, Ramil"]
[Black "Van Ketel, Raoul"]
[Result "1-0"]
[WhiteElo "2515"]
[BlackElo "2311"]
[PlyCount "95"]
[EventDate "2011.07.08"]

1. e4 e6 2. d3 d5 3. Qe2 Nf6 4. g3 Be7 5. Bg2 c5 6. Nf3 Nc6 7. O-O O-O 8. e5
Nd7 9. c4 a6 10. Nc3 Nd4 11. Nxd4 cxd4 12. Nd1 dxc4 13. dxc4 Rb8 14. b3 b5 15.
Nb2 Bb4 16. Nd3 Bc3 17. Ba3 Bxa1 18. Rxa1 bxc4 19. bxc4 Re8 20. Bd6 Bb7 21.
Bxb8 Bxg2 22. Kxg2 Nxb8 23. Qe4 Qb6 24. c5 Qc6 25. Qxc6 Nxc6 26. Rb1 Rc8 27.
Rb6 a5 28. f4 f6 29. a3 Rc7 30. g4 h5 31. gxh5 Kh7 32. Kf3 Kh6 33. Kg4 f5+ 34.
Kh4 g6 35. hxg6 Kxg6 36. Kg3 Kh5 37. Kf3 Kg6 38. Nb2 Nd8 39. Nd3 Nc6 40. Ke2
Kh5 41. Nf2 Nd8 42. Rb5 Nb7 43. Nd3 Kg4 44. Kf2 Kh4 45. c6 Nd8 46. Rb8 Nxc6 47.
Rh8+ Kg4 48. h3# 1-0

[Event "5th LCT Open A"]
[Site "Leiden NED"]
[Date "2011.07.12"]
[Round "5"]
[White "Llaneza Vega, Marcos"]
[Black "Deepan, Chakkravarthy J"]
[Result "0-1"]
[WhiteElo "2465"]
[BlackElo "2470"]
[PlyCount "136"]
[EventDate "2011.07.08"]

1. e4 c5 2. Nc3 d6 3. g3 Nc6 4. Bg2 g6 5. d3 Bg7 6. Be3 Rb8 7. Qd2 b5 8. Nge2
b4 9. Nd1 Nd4 10. Bxd4 cxd4 11. O-O e6 12. a3 b3 13. c3 dxc3 14. Ndxc3 Ne7 15.
Rac1 O-O 16. d4 Ba6 17. Rfd1 Qd7 18. Qg5 Rfc8 19. Nf4 Nc6 20. e5 dxe5 21. dxe5
Qe7 22. Qxe7 Nxe7 23. Rd6 Bb5 24. Re1 Be8 25. Rd2 Nc6 26. Bxc6 Bxc6 27. Nd3 Bf3
28. Re3 Bh6 29. Nf4 Bb7 30. Re1 Rc4 31. Red1 Bxf4 32. gxf4 Rxf4 33. Rd8+ Rxd8
34. Rxd8+ Kg7 35. Rd7 Bf3 36. Rxa7 Rg4+ 37. Kf1 Rh4 38. Kg1 Rg4+ 39. Kf1 Rg2
40. a4 Rxh2 41. Ke1 Rh5 42. Ra5 g5 43. Kd2 g4 44. Ke3 Rh1 45. Kf4 Rf1 46. Kg3
h5 47. Nb5 Rg1+ 48. Kf4 h4 49. Ra7 h3 50. Nd6 h2 51. Rxf7+ Kg8 52. Re7 h1=Q 53.
Kg5 Bc6 54. Kg6 Qe4+ 55. Nxe4 Bxe4+ 56. Kf6 Rf1 57. Rg7+ Kf8 58. Rf7+ Kg8 59.
Ke7 Bf3 60. a5 Rxf2 61. a6 Rxb2 62. a7 Ra2 63. Kf6 Bd5 64. Rg7+ Kh8 65. Rxg4
Rxa7 66. Rh4+ Kg8 67. Rg4+ Kf8 68. Rg7 Rb7 0-1

[Event "5th LCT Open A"]
[Site "Leiden NED"]
[Date "2011.07.12"]
[Round "5"]
[White "Van Den Doel, Erik"]
[Black "Polak, Tomas"]
[Result "1/2-1/2"]
[WhiteElo "2574"]
[BlackElo "2540"]
[PlyCount "93"]
[EventDate "2011.07.08"]

1. e4 e5 2. Nf3 Nf6 3. Nxe5 d6 4. Nf3 Nxe4 5. d4 d5 6. Bd3 Nc6 7. O-O Be7 8.
Nc3 Nxc3 9. bxc3 Bg4 10. Re1 O-O 11. Bf4 Bd6 12. Bxd6 Bxf3 13. Qxf3 Qxd6 14. h4
g6 15. h5 Rae8 16. g3 Re6 17. Rxe6 Qxe6 18. Qf4 Qd6 19. Qh6 Re8 20. Kg2 Qf6 21.
Rh1 Nd8 22. f4 Qg7 23. Qxg7+ Kxg7 24. h6+ Kg8 25. f5 gxf5 26. Rh5 c6 27. Rg5+
Kf8 28. Rxf5 Re6 29. Rh5 Kg8 30. a4 Rd6 31. g4 f6 32. Bf5 Nf7 33. Rh1 Rd8 34.
Re1 Nxh6 35. Re7 Nxf5 36. gxf5 Rf8 37. Rxb7 Rf7 38. Rb8+ Rf8 39. Rb1 Rc8 40.
Kf3 Rc7 41. a5 Kf7 42. a6 Ke8 43. Rb8+ Kd7 44. Rf8 Ke7 45. Rh8 Kd6 46. Rf8 Ke7
47. Rh8 1/2-1/2

[Event "5th LCT Open A"]
[Site "Leiden NED"]
[Date "2011.07.12"]
[Round "5"]
[White "Van Wessel, Rudy"]
[Black "Van Helvoort, Rob"]
[Result "1-0"]
[WhiteElo "2371"]
[BlackElo "2190"]
[PlyCount "91"]
[EventDate "2011.07.08"]

1. d4 Nf6 2. c4 g6 3. Nc3 d5 4. Bg5 Ne4 5. Bh4 Nxc3 6. bxc3 dxc4 7. e3 Bg7 8.
Bxc4 c5 9. Nf3 O-O 10. O-O Nc6 11. Rb1 Na5 12. Be2 Bd7 13. Qc1 Rc8 14. Qa3 b6
15. Ba6 Rc7 16. Bg3 Bf5 17. Bxc7 Qxc7 18. Rbc1 c4 19. Bb5 Rd8 20. Rfe1 Bd3 21.
Ba4 e5 22. Nxe5 Bxe5 23. dxe5 Qxe5 24. Bd1 f5 25. Bf3 g5 26. Rcd1 g4 27. Be2 h5
28. Rd2 h4 29. Bf1 Kf7 30. Red1 Qe4 31. Qa4 h3 32. Rxd3 Rxd3 33. Rxd3 cxd3 34.
Qd7+ Kf6 35. Qxd3 hxg2 36. Qd8+ Kg6 37. Bd3 Qe6 38. Qh4 Kf7 39. Qh7+ Kf6 40.
Qh6+ Kf7 41. Qg5 Qxa2 42. Qxf5+ Ke7 43. Qe5+ Kf7 44. Be4 Qe2 45. Kxg2 Kf8 46.
Qb8+ 1-0

[Event "5th LCT Open A"]
[Site "Leiden NED"]
[Date "2011.07.12"]
[Round "5"]
[White "Pijpers, Arthur"]
[Black "Spirin, Oleg"]
[Result "1/2-1/2"]
[WhiteElo "2296"]
[BlackElo "2491"]
[PlyCount "131"]
[EventDate "2011.07.08"]

1. e4 e5 2. Nf3 Nc6 3. Bc4 Bc5 4. O-O d6 5. c3 Bb6 6. Re1 Nf6 7. h3 O-O 8. d4
h6 9. Bb5 Bd7 10. d5 Ne7 11. Bxd7 Nxd7 12. Be3 Bxe3 13. Rxe3 f5 14. exf5 Nxf5
15. Re1 Nh4 16. Nbd2 Nxf3+ 17. Nxf3 Qf6 18. Qe2 Rf7 19. Nd2 Raf8 20. Ne4 Qg6
21. Qg4 Qxg4 22. hxg4 Nf6 23. Nxf6+ Rxf6 24. f3 Rf4 25. Re3 Ra4 26. a3 Raf4 27.
Rae1 R8f7 28. Re4 Kf8 29. Kf2 Ke7 30. Rxf4 Rxf4 31. Ke3 c6 32. Rd1 Rc4 33. Rd3
cxd5 34. Rxd5 a6 35. Rd1 Ke6 36. g3 d5 37. Rd2 b5 38. Kd3 a5 39. Re2 Kd6 40.
Re1 Rc8 41. Rd1 Rc7 42. Rd2 Rc4 43. Re2 Rc8 44. Rd2 Rf8 45. Ke3 Kc5 46. Rd1 Kc4
47. Rd2 Re8 48. b3+ Kc5 49. Re2 Rf8 50. Rd2 a4 51. bxa4 bxa4 52. f4 exf4+ 53.
gxf4 Rb8 54. Rd4 Rb3 55. Rxa4 Rxc3+ 56. Kf2 Rc2+ 57. Ke3 Rc3+ 58. Kf2 Rc2+ 59.
Ke3 Rg2 60. f5 Rg1 61. Kf2 Ra1 62. Ra7 Kd4 63. Rxg7 Ke5 64. Rg6 Rxa3 65. Rxh6
Kf4 66. Rd6 1/2-1/2

[Event "5th LCT Open A"]
[Site "Leiden NED"]
[Date "2011.07.14"]
[Round "6"]
[White "Polak, Tomas"]
[Black "Padurariu, Ioana-Smaranda"]
[Result "1-0"]
[WhiteElo "2540"]
[BlackElo "2164"]
[PlyCount "63"]
[EventDate "2011.07.08"]

1. d4 Nf6 2. c4 e6 3. Nf3 c5 4. d5 d6 5. Nc3 exd5 6. cxd5 g6 7. Qa4+ Nbd7 8.
Bf4 a6 9. e4 Rb8 10. Qc2 b5 11. Bd3 c4 12. Be2 Nh5 13. Bg5 Qc7 14. Nd4 Bb7 15.
Bxh5 gxh5 16. Qe2 Ne5 17. O-O h6 18. Qxh5 Ng6 19. Be3 Bg7 20. f4 Bf6 21. a3 Rg8
22. Kh1 Bc8 23. Rf2 Bd7 24. Re1 Kd8 25. Nf5 Bxf5 26. exf5 Nf8 27. Qxh6 Nd7 28.
Qh7 Re8 29. Qxf7 Bd4 30. Rfe2 Bxe3 31. Rxe3 Rxe3 32. Qg8+ 1-0

[Event "5th LCT Open A"]
[Site "Leiden NED"]
[Date "2011.07.14"]
[Round "6"]
[White "Vishnu Prasanna, V."]
[Black "Van Den Doel, Erik"]
[Result "0-1"]
[WhiteElo "2340"]
[BlackElo "2574"]
[PlyCount "86"]
[EventDate "2011.07.08"]

1. c4 Nf6 2. g3 e6 3. Bg2 d5 4. Nf3 dxc4 5. O-O Nbd7 6. Qc2 Nb6 7. a4 a5 8. Na3
Bxa3 9. Rxa3 O-O 10. d3 cxd3 11. Rxd3 Nbd5 12. Ne5 Qd6 13. Bf4 Qe7 14. Bd2 Nb4
15. Bxb4 axb4 16. Rc1 c6 17. Rd4 Ra5 18. f4 Nd5 19. Nc4 Qc5 20. Rcd1 e5 21.
fxe5 Nb6 22. b3 Be6 23. Be4 Nxc4 24. Bxh7+ Kh8 25. bxc4 b3 26. Qb1 Rxa4 27. Qe4
g5 28. Bf5 Rxc4 29. e3 Rxd4 30. exd4 Bxf5 31. Qxf5 Qc2 32. Qg4 Qg6 33. d5 cxd5
34. Qb4 Re8 35. Rxd5 Qb1+ 36. Kg2 Qc2+ 37. Rd2 Qc6+ 38. Kf2 Qh1 39. h4 gxh4 40.
Rd4 Qh2+ 41. Kf1 Qh1+ 42. Kf2 hxg3+ 43. Kxg3 Rg8+ 0-1

[Event "5th LCT Open A"]
[Site "Leiden NED"]
[Date "2011.07.14"]
[Round "6"]
[White "Mashinskaya, Iulia"]
[Black "Llaneza Vega, Marcos"]
[Result "1-0"]
[WhiteElo "2333"]
[BlackElo "2465"]
[PlyCount "67"]
[EventDate "2011.07.08"]

1. e4 c5 2. Nf3 e6 3. g3 Nc6 4. Bg2 Nf6 5. d3 d5 6. Qe2 Be7 7. O-O O-O 8. e5
Nd7 9. c4 Re8 10. Re1 Nf8 11. h4 a6 12. Nc3 b5 13. b3 Rb8 14. h5 Bb7 15. Bf4
Nd4 16. Qd1 Qa5 17. Rc1 dxc4 18. dxc4 Red8 19. Nxd4 Bxg2 20. Kxg2 cxd4 21. Ne4
bxc4 22. Rxc4 d3 23. Ra4 Qb5 24. Qf3 Nd7 25. Nc3 Qb6 26. Ne4 Rbc8 27. Rd1 Qb8
28. Rxd3 Qa8 29. Rd2 Nb6 30. Rad4 Nd5 31. Bg5 Rd7 32. Bxe7 Rxe7 33. Kh2 Qa7 34.
h6 1-0

[Event "5th LCT Open A"]
[Site "Leiden NED"]
[Date "2011.07.14"]
[Round "6"]
[White "Damen, Igor"]
[Black "Van Overdam, Jan"]
[Result "1-0"]
[WhiteElo "1904"]
[BlackElo "2062"]
[PlyCount "45"]
[EventDate "2011.07.08"]

1. e4 d5 2. exd5 Qxd5 3. d4 c6 4. Nf3 Nf6 5. c4 Qa5+ 6. Bd2 Qc7 7. Bd3 Bg4 8.
Bc3 Nbd7 9. Nbd2 e6 10. Qb3 Bd6 11. h3 Bh5 12. O-O Bg6 13. Bxg6 hxg6 14. Rfe1
O-O 15. Rad1 Rfe8 16. Ne5 c5 17. Ndf3 Rac8 18. dxc5 Bxc5 19. Qc2 Bf8 20. Nxf7
Kxf7 21. Rxd7+ Nxd7 22. Ng5+ Ke7 23. Rxe6+ 1-0

[Event "5th LCT Open A"]
[Site "Leiden NED"]
[Date "2011.07.14"]
[Round "6"]
[White "Van Dongen, Cor"]
[Black "Van der Marel, Bert"]
[Result "1-0"]
[WhiteElo "2381"]
[BlackElo "2168"]
[PlyCount "61"]
[EventDate "2011.07.08"]

1. c4 e5 2. g3 Nc6 3. Bg2 Bc5 4. Nc3 Nf6 5. d3 a5 6. Nf3 d6 7. O-O h6 8. e3 O-O
9. d4 Ba7 10. h3 Bf5 11. a3 Re8 12. d5 Nb8 13. Kh2 Na6 14. Nh4 Bh7 15. e4 Nc5
16. Qc2 a4 17. Be3 Nb3 18. Rae1 Qd7 19. g4 Nd4 20. Qd1 c6 21. Nf5 Bxf5 22. exf5
cxd5 23. Nxd5 Nh7 24. Qd3 Qd8 25. Nc3 Ng5 26. f4 Nh7 27. Nxa4 Nf6 28. Nc3 Qb6
29. Nb5 d5 30. Nxa7 Qxa7 31. fxe5 1-0

[Event "5th LCT Open A"]
[Site "Leiden NED"]
[Date "2011.07.15"]
[Round "7"]
[White "Chytilek, Roman"]
[Black "Erwich, Frank"]
[Result "1/2-1/2"]
[WhiteElo "2381"]
[BlackElo "2360"]
[PlyCount "140"]
[EventDate "2011.07.08"]

1. d4 Nf6 2. Nf3 b6 3. g3 Bb7 4. Bg2 e6 5. c4 Be7 6. O-O O-O 7. Re1 Ne4 8. Nfd2
f5 9. Nxe4 Bxe4 10. f3 Bb7 11. Nc3 Nc6 12. e3 Bf6 13. b3 Ne7 14. Bb2 d5 15. Ne2
Qd6 16. Nf4 e5 17. dxe5 Bxe5 18. Bxe5 Qxe5 19. Qd4 Qxd4 20. exd4 Rf7 21. c5
bxc5 22. dxc5 Ng6 23. Nxg6 hxg6 24. f4 Kf8 25. Re6 Rf6 26. Rxf6+ gxf6 27. c6
Ba6 28. Rd1 Re8 29. Bf3 Bb5 30. Bxd5 Rd8 31. Bf3 Rxd1+ 32. Bxd1 Bxc6 33. Kf2
Ke7 34. Ke3 Bd5 35. Kd4 Kd6 36. Be2 c5+ 37. Kc3 Bf7 38. Bb5 Kc7 39. Ba6 Kd6 40.
Bd3 Kc6 41. a4 Kc7 42. Bb5 Kb6 43. Bd3 Kc7 44. b4 cxb4+ 45. Kxb4 Kb6 46. a5+
Kc6 47. Bb5+ Kd6 48. Ba4 g5 49. h4 gxf4 50. gxf4 Bh5 51. Bb3 Kc6 52. Be6 Bg6
53. Bg8 Bh5 54. Bh7 Kd5 55. Bxf5 Kd4 56. Bh7 Ke3 57. f5 Kf4 58. Kc5 Bg4 59. Kc6
Bxf5 60. Bxf5 Kxf5 61. Kb7 Kg4 62. Kxa7 f5 63. a6 f4 64. Kb6 f3 65. a7 f2 66.
a8=Q f1=Q 67. Qe4+ Qf4 68. Qxf4+ Kxf4 69. h5 Kg5 70. h6 Kxh6 1/2-1/2

[Event "5th LCT Open A"]
[Site "Leiden NED"]
[Date "2011.07.15"]
[Round "7"]
[White "Vistisen, Lars"]
[Black "Vishnu Prasanna, V."]
[Result "1-0"]
[WhiteElo "2201"]
[BlackElo "2340"]
[PlyCount "51"]
[EventDate "2011.07.08"]

1. e4 e5 2. Nf3 Nc6 3. d4 exd4 4. Nxd4 Bc5 5. Be3 Qf6 6. c3 Nge7 7. Bc4 O-O 8.
O-O b6 9. Nc2 Qg6 10. Nd2 Ne5 11. Be2 d5 12. f4 N5c6 13. Bf3 Rd8 14. Bxc5 bxc5
15. f5 Qh6 16. f6 gxf6 17. exd5 Nxd5 18. Qe1 Ne5 19. Bxd5 Rxd5 20. Ne4 Nd7 21.
Ne3 Rd3 22. Nf5 Qh5 23. Neg3 Rxg3 24. Qxg3+ Qg5 25. Qxc7 h5 26. Ne7+ 1-0

[Event "5th LCT Open A"]
[Site "Leiden NED"]
[Date "2011.07.15"]
[Round "7"]
[White "Borst, Filip"]
[Black "Farrand, Tom"]
[Result "0-1"]
[WhiteElo "2001"]
[BlackElo "2256"]
[PlyCount "64"]
[EventDate "2011.07.08"]

1. e4 c5 2. Nf3 e6 3. d4 cxd4 4. Nxd4 Nf6 5. Nc3 Nc6 6. Ndb5 d6 7. Bf4 e5 8.
Bg5 a6 9. Na3 b5 10. Bxf6 gxf6 11. Nd5 f5 12. c3 Bg7 13. Bd3 Be6 14. Nxb5 axb5
15. Bxb5 Rc8 16. Qa4 O-O 17. Bxc6 fxe4 18. O-O f5 19. Ne3 Kh8 20. Bd5 Bd7 21.
Qb4 Rf6 22. a4 Rh6 23. Rfd1 Rb8 24. Qa3 Qg5 25. a5 f4 26. a6 fxe3 27. a7 exf2+
28. Kf1 Rf8 29. a8=Q Rxh2 30. Bxe4 Qe3 31. g4 Bxg4 32. Qxd6 Be2# 0-1

[Event "5th LCT Open A"]
[Site "Leiden NED"]
[Date "2011.07.15"]
[Round "7"]
[White "Van Der Laan, Dinard"]
[Black "Van Der Wiel, John T.H"]
[Result "0-1"]
[WhiteElo "2277"]
[BlackElo "2451"]
[PlyCount "160"]
[EventDate "2011.07.08"]

1. e4 e5 2. f4 Bc5 3. Nc3 d6 4. Nf3 Nf6 5. Bc4 Nc6 6. d3 Bg4 7. Na4 Bb6 8. Nxb6
axb6 9. O-O O-O 10. c3 exf4 11. Bxf4 Nh5 12. Be3 Ne5 13. Bb3 Kh8 14. Qd2 Nxf3+
15. gxf3 Bh3 16. Rf2 f5 17. exf5 Qf6 18. Bd5 c6 19. Bg5 Qxf5 20. Be4 Qf7 21. d4
d5 22. Bd3 Rae8 23. Re1 Rxe1+ 24. Qxe1 Bf5 25. Bxf5 Qxf5 26. Bd2 h6 27. Qe5
Qb1+ 28. Qe1 Qg6+ 29. Kh1 Qf7 30. Qf1 Qf5 31. a3 Nf6 32. Kg1 Kh7 33. Bc1 Nh5
34. Qe2 Rf6 35. Qf1 Rg6+ 36. Rg2 Rf6 37. Rf2 b5 38. Bd2 Rg6+ 39. Kh1 Re6 40.
Rg2 Nf6 41. Rf2 Ne8 42. Re2 Qd3 43. Rf2 Qxf1+ 44. Rxf1 Re2 45. Bc1 Rc2 46. Bf4
Kg8 47. Rg1 Rxb2 48. Bxh6 Rf2 49. Re1 Nd6 50. Be3 Rxf3 51. Kg2 Rf8 52. Bc1 Ne4
53. Re2 Nxc3 54. Re7 Rf7 55. Re8+ Rf8 56. Re7 Rf7 57. Re8+ Kh7 58. Bd2 Ne4 59.
Bb4 Rf2+ 60. Kg1 Rc2 61. Bf8 Ng5 62. Re3 Ne4 63. Rf3 Ng5 64. Re3 Kg8 65. Bd6
Ne4 66. Be5 Rc3 67. Re2 Rxa3 68. h4 Rd3 69. Re1 b4 70. Kh2 b3 71. Rg1 Rd2+ 72.
Kh3 Nf2+ 73. Kg3 Nd3 74. Kf3 Nxe5+ 75. dxe5 Kf7 76. e6+ Kxe6 77. Rxg7 b5 78.
Rg6+ Ke5 79. h5 b2 80. Rg1 Rh2 0-1

[Event "5th LCT Open A"]
[Site "Leiden NED"]
[Date "2011.07.15"]
[Round "7"]
[White "Van Halderen, Herman"]
[Black "Senlle Caride, Miguel"]
[Result "0-1"]
[WhiteElo "2081"]
[BlackElo "2271"]
[PlyCount "70"]
[EventDate "2011.07.08"]

1. c4 Nf6 2. Nc3 e5 3. Nf3 Nc6 4. g3 d5 5. cxd5 Nxd5 6. Bg2 Nb6 7. O-O Be7 8.
a3 O-O 9. b4 a6 10. d3 Re8 11. Ne4 Bg4 12. Bb2 Bf8 13. h3 Bh5 14. Rc1 Qd7 15.
Kh2 Nd4 16. Bxd4 exd4 17. Nc5 Bxc5 18. Rxc5 Bxf3 19. Bxf3 c6 20. Be4 Qd6 21. e3
Rad8 22. Rh5 g6 23. Rh4 f5 24. Bxf5 gxf5 25. Rxd4 Qf6 26. Rh4 Re7 27. Qc2 Red7
28. d4 Nd5 29. Rh5 Rf8 30. Rg1 Rg7 31. Rg2 Kh8 32. Qd3 Qg6 33. Rh4 Rfg8 34. Qd2
Qg5 35. Rg1 Qxh4 0-1

[Event "5th LCT Open A"]
[Site "Leiden NED"]
[Date "2011.07.15"]
[Round "7"]
[White "De Mooij, Marco"]
[Black "Frijling, Jeroen"]
[Result "1/2-1/2"]
[WhiteElo "1949"]
[BlackElo "1840"]
[PlyCount "41"]
[EventDate "2011.07.08"]

1. e4 c5 2. Nf3 Nc6 3. d4 cxd4 4. Nxd4 e5 5. Nb5 d6 6. N5c3 f5 7. Bc4 Nf6 8.
Bg5 Be7 9. Nb5 Nxe4 10. Bxe7 Qxe7 11. N1c3 a6 12. Nxe4 axb5 13. Nxd6+ Kf8 14.
Nxb5 Qb4+ 15. c3 Qxc4 16. Qd6+ Kf7 17. a4 Rd8 18. Qxd8 Qe4+ 19. Kd1 Nxd8 20.
Nd6+ Kf6 21. Nxe4+ 1/2-1/2

[Event "5th LCT Open A"]
[Site "Leiden NED"]
[Date "2011.07.15"]
[Round "7"]
[White "Kolodkin, Daniil"]
[Black "Van Brussel, Bert"]
[Result "1-0"]
[WhiteElo "1943"]
[BlackElo "1882"]
[PlyCount "105"]
[EventDate "2011.07.08"]

1. e4 c6 2. d4 d5 3. e5 Bf5 4. h4 h5 5. Bg5 Qb6 6. Bd3 Bxd3 7. Qxd3 e6 8. Ne2
Nd7 9. Nf4 Ne7 10. b3 Nf5 11. c3 Be7 12. Nd2 Qd8 13. Nf3 Nf8 14. Bxe7 Qxe7 15.
Ke2 Nd7 16. Nxh5 O-O-O 17. g4 Nh6 18. Rag1 f5 19. g5 Ng4 20. Nf4 Rhe8 21. Ng6
Qa3 22. Nd2 c5 23. f3 c4 24. bxc4 dxc4 25. Qxc4+ Kb8 26. fxg4 fxg4 27. h5 Nb6
28. Qb3 Qa6+ 29. Ke1 Qd3 30. Rxg4 Qe3+ 31. Kd1 Nd5 32. c4 Qxb3+ 33. axb3 Ne3+
34. Ke2 Nxg4 35. h6 gxh6 36. gxh6 Nxh6 37. Rxh6 Rxd4 38. Nf3 Rg4 39. Rh8 Rc8
40. Rxc8+ Kxc8 41. Nf8 Rg2+ 42. Ke3 Rc2 43. Nd4 Rb2 44. Nfxe6 a5 45. Nc5 Rh2
46. e6 Rh5 47. Nd3 Kd8 48. Ke4 a4 49. bxa4 Ra5 50. Nf5 Rxa4 51. e7+ Ke8 52. Kd5
Ra5+ 53. Ke6 1-0

[Event "5th LCT Open A"]
[Site "Leiden NED"]
[Date "2011.07.15"]
[Round "7"]
[White "Van der Marel, Bert"]
[Black "Ducarmon, Renzo"]
[Result "1-0"]
[WhiteElo "2168"]
[BlackElo "1990"]
[PlyCount "77"]
[EventDate "2011.07.08"]

1. c4 Nf6 2. Nc3 g6 3. e4 d6 4. d4 Bg7 5. Nge2 O-O 6. Ng3 e5 7. d5 c6 8. Be2
cxd5 9. cxd5 Nbd7 10. O-O Nb6 11. Be3 Bd7 12. a4 Ne8 13. a5 Nc8 14. Qd2 Ne7 15.
Nb5 Bxb5 16. Bxb5 Nc7 17. Ba4 Kh8 18. f3 f5 19. Ne2 f4 20. Bf2 Na6 21. b4 b6
22. axb6 axb6 23. Rfc1 Rb8 24. Bc6 Nc7 25. Ra7 Nxc6 26. Rxc6 Na8 27. b5 Re8 28.
Qb4 Bf8 29. Qb2 g5 30. h3 Re7 31. Qa1 Reb7 32. Nc1 Kg8 33. Nd3 Be7 34. Nb4 Kf7
35. Rc2 Rxa7 36. Qxa7 Rc8 37. Rxc8 Qxc8 38. Nc6 Qe8 39. Nxe7 1-0

[Event "5th LCT Open A"]
[Site "Leiden NED"]
[Date "2011.07.16"]
[Round "8"]
[White "Van Der Wiel, John T.H"]
[Black "Vistisen, Lars"]
[Result "1-0"]
[WhiteElo "2451"]
[BlackElo "2201"]
[PlyCount "79"]
[EventDate "2011.07.08"]

1. e4 e5 2. Nf3 Nc6 3. d4 exd4 4. Nxd4 Nf6 5. Nxc6 bxc6 6. e5 Qe7 7. Qe2 Nd5 8.
Nd2 g6 9. Nf3 Qb4+ 10. Qd2 Rb8 11. c3 Qe7 12. Bd3 Bg7 13. O-O O-O 14. Qc2 h6
15. Bd2 c5 16. Rad1 Bb7 17. Be4 Qe6 18. Rfe1 Kh7 19. Bc1 Rfd8 20. b3 a5 21. Ba3
Bf8 22. Qd2 Nb6 23. Bxb7 Rxb7 24. c4 a4 25. Qe3 axb3 26. axb3 Qe7 27. h4 Ra8
28. Bc1 d6 29. h5 dxe5 30. Nxe5 Rbb8 31. Qg3 Qf6 32. hxg6+ fxg6 33. Ng4 Qf7 34.
Bxh6 Bxh6 35. Qh4 Re8 36. Nxh6 Qf8 37. Ng4+ Kg7 38. Qh6+ Kf7 39. Qf4+ Kg8 40.
Nf6+ 1-0

[Event "5th LCT Open A"]
[Site "Leiden NED"]
[Date "2011.07.16"]
[Round "8"]
[White "Polak, Tomas"]
[Black "Wilschut, Peter"]
[Result "1-0"]
[WhiteElo "2540"]
[BlackElo "2206"]
[PlyCount "69"]
[EventDate "2011.07.08"]

1. d4 d5 2. c4 c6 3. Nc3 Nf6 4. e3 a6 5. Bd2 b5 6. c5 a5 7. Qc2 Qc7 8. f4 g6 9.
Bd3 b4 10. Na4 Nbd7 11. a3 Rb8 12. axb4 axb4 13. b3 Bg7 14. Nf3 Ne4 15. O-O
Nxd2 16. Nxd2 O-O 17. Ra2 Nf6 18. h3 Ra8 19. Rfa1 Nh5 20. Nf3 Ng3 21. Nb6 Rxa2
22. Qxa2 Bf5 23. Bxf5 Nxf5 24. Kf2 e5 25. dxe5 Qe7 26. Qd2 Rd8 27. g4 Nh4 28.
Qxb4 Nxf3 29. Kxf3 f6 30. exf6 Qxf6 31. Ra7 Qh4 32. Kg2 Re8 33. Ra8 Qe7 34.
Rxe8+ Qxe8 35. Kf3 1-0

[Event "5th LCT Open A"]
[Site "Leiden NED"]
[Date "2011.07.16"]
[Round "8"]
[White "Erwich, Frank"]
[Black "Van Den Doel, Erik"]
[Result "0-1"]
[WhiteElo "2360"]
[BlackElo "2574"]
[PlyCount "56"]
[EventDate "2011.07.08"]

1. c4 Nf6 2. Nc3 e5 3. Nf3 Nc6 4. g3 Bb4 5. Nd5 e4 6. Nxb4 Nxb4 7. Nd4 O-O 8.
Bg2 d5 9. Nc2 Nc6 10. cxd5 Qxd5 11. d4 Rd8 12. O-O Nxd4 13. Qxd4 Qxd4 14. Nxd4
Rxd4 15. Be3 Rd5 16. f3 Bf5 17. g4 Bg6 18. g5 exf3 19. exf3 Rd3 20. gxf6 Rxe3
21. f4 c6 22. Rad1 Bf5 23. Rfe1 Rxe1+ 24. Rxe1 gxf6 25. Re7 Rb8 26. Bf1 Be6 27.
f5 Kf8 28. Rc7 Bxa2 0-1

[Event "5th LCT Open A"]
[Site "Leiden NED"]
[Date "2011.07.16"]
[Round "8"]
[White "Tiviakov, Sergei"]
[Black "Howell, David W L"]
[Result "1-0"]
[WhiteElo "2623"]
[BlackElo "2625"]
[PlyCount "87"]
[EventDate "2011.07.08"]

1. e4 e5 2. Nf3 Nf6 3. Nxe5 d6 4. Nf3 Nxe4 5. Bd3 Nf6 6. h3 Be7 7. O-O O-O 8.
c3 Re8 9. Bc2 Nbd7 10. d4 Bf8 11. Bg5 h6 12. Bh4 g6 13. c4 g5 14. Bg3 Ne4 15.
Bh2 Bg7 16. Nbd2 Ndf6 17. Re1 Bf5 18. Nf1 Bg6 19. Ba4 Re7 20. Ne3 Qc8 21. Rc1
a5 22. c5 dxc5 23. Ne5 Bh7 24. dxc5 Qf8 25. c6 bxc6 26. Qf3 Nd2 27. Qe2 Nde4
28. f3 Nd6 29. Nxc6 Ree8 30. Qd2 Ra6 31. b3 Rea8 32. Nd5 Nxd5 33. Qxd5 Re8 34.
Bg3 Nf5 35. Bxc7 Raa8 36. Bxa5 Bb2 37. Rxe8 Rxe8 38. Bb4 Bxc1 39. Bxf8 Be3+ 40.
Kf1 Kxf8 41. Ne5 Re6 42. Bd7 Ng3+ 43. Ke1 Re7 44. Nc6 1-0

[Event "5th LCT Open A"]
[Site "Leiden NED"]
[Date "2011.07.17"]
[Round "9"]
[White "Van Der Wiel, John T.H"]
[Black "Polak, Tomas"]
[Result "1/2-1/2"]
[WhiteElo "2451"]
[BlackElo "2540"]
[PlyCount "21"]
[EventDate "2011.07.08"]

1. e4 e5 2. Nf3 Nf6 3. Nxe5 d6 4. Nf3 Nxe4 5. Qe2 Qe7 6. d3 Nf6 7. Nc3 Nbd7 8.
Be3 Nb6 9. O-O-O Nbd5 10. Nxd5 Nxd5 11. Bd2 1/2-1/2

[Event "5th LCT Open A"]
[Site "Leiden NED"]
[Date "2011.07.17"]
[Round "9"]
[White "Chytilek, Roman"]
[Black "Van Overdam, Julian"]
[Result "1-0"]
[WhiteElo "2381"]
[BlackElo "2215"]
[PlyCount "93"]
[EventDate "2011.07.08"]

1. d4 Nf6 2. Nf3 h6 3. c4 g5 4. h3 d6 5. Nc3 Bf5 6. e3 Nbd7 7. Bd3 Bxd3 8. Qxd3
c5 9. d5 g4 10. hxg4 Nxg4 11. Qe2 Rg8 12. Nh4 e6 13. e4 Be7 14. Nf3 Qb6 15. Bf4
O-O-O 16. O-O-O a6 17. Bxh6 Nxh6 18. Rxh6 Bf6 19. dxe6 fxe6 20. e5 Bxe5 21.
Nxe5 Nxe5 22. Rxe6 Qc7 23. Ne4 Nc6 24. Nxd6+ Kb8 25. Qe4 Rd7 26. Re8+ Rxe8 27.
Nxe8 Re7 28. Nxc7 Rxe4 29. Nd5 Rxc4+ 30. Kb1 Rg4 31. Ne3 Rf4 32. f3 Nd4 33. Rh1
Rf7 34. Kc1 Rd7 35. Rh5 Ne2+ 36. Kc2 b6 37. Rd5 Rg7 38. Rd6 Kc7 39. Rf6 Rd7 40.
Nf5 Nf4 41. Ne3 Nd3 42. a3 Ne1+ 43. Kc1 Rd3 44. Re6 Kd7 45. Re4 Rd4 46. Rxd4+
cxd4 47. Kd2 1-0

[Event "5th LCT Open A"]
[Site "Leiden NED"]
[Date "2011.07.17"]
[Round "9"]
[White "Deepan, Chakkravarthy J"]
[Black "Meng, Roger"]
[Result "1/2-1/2"]
[WhiteElo "2470"]
[BlackElo "2282"]
[PlyCount "69"]
[EventDate "2011.07.08"]

1. Nf3 c5 2. g3 Nf6 3. Bg2 g6 4. O-O Bg7 5. c4 Nc6 6. Nc3 d6 7. d4 cxd4 8. Nxd4
Bd7 9. e3 O-O 10. b3 Qa5 11. Bb2 Rfc8 12. Qe2 a6 13. Rac1 Rab8 14. Rfd1 Kf8 15.
a3 Bg4 16. f3 Bd7 17. b4 Qh5 18. Nxc6 Bxc6 19. e4 b5 20. Nd5 Bxd5 21. cxd5 Nd7
22. Rc6 Ne5 23. Rxa6 Nc4 24. Bxg7+ Kxg7 25. Qf2 Ra8 26. Ra7 Qe5 27. f4 Qf6 28.
Bf1 Nxa3 29. Rxa8 Rxa8 30. Rc1 Ra4 31. Qd2 h5 32. Re1 Nc4 33. Bxc4 bxc4 34. Rc1
c3 35. Qxc3 1/2-1/2

[Event "5th LCT Open A"]
[Site "Leiden NED"]
[Date "2011.07.17"]
[Round "9"]
[White "Howell, David W L"]
[Black "Van Den Doel, Erik"]
[Result "1-0"]
[WhiteElo "2625"]
[BlackElo "2574"]
[PlyCount "133"]
[EventDate "2011.07.08"]

1. e4 e5 2. Nf3 Nc6 3. d4 exd4 4. Nxd4 Nf6 5. Nxc6 bxc6 6. e5 Qe7 7. Qe2 Nd5 8.
Nd2 g6 9. c4 Ba6 10. Nf3 Qb4+ 11. Kd1 Nb6 12. b3 Bg7 13. Qd2 Qe7 14. Bb2 O-O
15. Kc2 c5 16. Re1 Bb7 17. h4 a5 18. a4 d5 19. exd6 Qxd6 20. Bxg7 Qxd2+ 21.
Nxd2 Kxg7 22. f3 Rad8 23. Bd3 Rd4 24. Be4 Rfd8 25. Re2 Bc8 26. Kc1 Nd7 27. Nb1
Nf6 28. Nc3 Nh5 29. Rf2 Ng3 30. Re1 Bf5 31. Bxf5 Nxf5 32. Ne4 Nxh4 33. Nxc5 h5
34. Nb7 Ra8 35. Re5 Nf5 36. Nxa5 Rd3 37. Kc2 Re3 38. Rd5 Re6 39. Rc5 Ne3+ 40.
Kb1 Nd1 41. Rd2 Re1 42. Nb7 Ne3+ 43. Kb2 Rg1 44. Rxc7 Rxg2 45. Rxg2 Nxg2 46.
Nd6 h4 47. Rxf7+ Kh6 48. Rd7 h3 49. Ne4 h2 50. Rd1 Nh4 51. Rh1 Nxf3 52. Nd2 Nd4
53. Rxh2+ Kg7 54. Kc3 Nc6 55. Re2 Kf6 56. Ne4+ Kf5 57. Nd6+ Kf6 58. Rf2+ Ke5
59. Nf7+ Ke6 60. Ng5+ Ke5 61. Rf7 Nd4 62. Rd7 Ne2+ 63. Kd2 Nf4 64. Rb7 Kd4 65.
Re7 Rd8 66. Re4+ Kc5+ 67. Kc2 1-0